Every season of the Minecraft Life Series. - Statistics

General Stats
  • This quiz has been taken 868 times
    172 since last reset
  • The average score is 9 of 9
Answer Stats
Hint Answer % Correct
1st Season 3rd Life
100%
6th Season Wild Life
98%
2nd Season Last Life
97%
5th Season Secret Life
97%
4th Season Limited Life
96%
3rd Season Double Life
95%
April Fools Season Real Life
94%
7th Season Past Life
93%
April Fools Season Simple Life
88%
No matching quizzes found
Score Distribution
Percent of People with Each Score
Percentile by Number Answered
Your Score History
You have not taken this quiz since the last reset